| 000 | 01067cam a2200229 4500 | ||
|---|---|---|---|
| 001 | ABS68095 | ||
| 008 | 040812n2004 000 0 eng u | ||
| 035 | _a(Sirsi) u127057 | ||
| 100 | _aMoore, P. | ||
| 245 | _aConstruction futures | ||
| 260 | _c2004 | ||
| 490 |
_aArchitects' Journal _v220(4) 22 July 2004, 36-37(2) |
||
| 520 | _aQuarterly survey examines the impact recent government interventions may have on the construction industry. Highlights that new regulations on the disposal of hazardous waste are likely to double the cost of disposal. Investment in health and education will boost public non-housing sector output by 13% in 2004, by a further 6% in 2005 and by 6% in 2006. Graphs detail changes in tender price index, construction output versus tender price index and regional tender price forecast. | ||
| 590 | _aABS | ||
| 590 | _aABS | ||
| 650 | _aSURVEYS | ||
| 650 | _aTENDER PRICES INDEX | ||
| 650 | _aCONSTRUCTION OUTPUT STATISTICS | ||
| 650 | _aCONSTRUCTION INVESTMENT | ||
| 690 | _aBUILDING AND CONSTRUCTION-MARKET | ||
| 942 | _n0 | ||
| 999 |
_c117845 _d117845 |
||